[Event "AUTO-ADV-1367"]
[Site "http://www.queenalice.com/game.php?id=605479"]
[Date "2009.6.18"]
[Round "1"]
[White "vindaloo"]
[Black "fugazeton2"]
[Result "1-0"]
[WhiteElo "1857"]
[BlackElo "1325"]

1. e4 c5 2. Nc3 e5 3. Nf3 d6 4. Bc4 h6 5. O-O Nf6 6. d3 Be7 7. Be3 O-O 8. Qd2 a6
9. a4 Nc6 10. Nd5 Nxd5 11. Bxd5 Nb8 12. b4 cxb4 13. Qxb4 Qc7 14. Bb6 Qd7 15. c4
Nc6 16. Qb2 Na7 17. Rfd1 Kh8 18. d4 f5 19. dxe5 Qe8 20. exd6 Bf6 21. Bd4 Bxd4
22. Qxd4 Nc6 23. Bxc6 Qxc6 24. e5 1-0

[Event "AUTO-ADV-1367"]
[Site "http://www.queenalice.com/game.php?id=605480"]
[Date "2009.6.18"]
[Round "1"]
[White "fugazeton2"]
[Black "vindaloo"]
[Result "0-1"]
[WhiteElo "1327"]
[BlackElo "1855"]

1. d4 g6 2. c4 Bg7 3. e3 Nf6 4. Nc3 O-O 5. Nf3 d6 6. Be2 c6 7. O-O Nbd7 8. b3
Re8 9. Bb2 e5 10. dxe5 Nxe5 11. Nxe5 dxe5 12. Qxd8 Rxd8 13. Rfd1 Re8 14. e4 Be6
15. Rd6 Bf8 16. Rdd1 Bc5 17. h3 a5 18. Kf1 Bd4 19. Na4 c5 20. Bxd4 cxd4 21. Nc5
b6 22. Nd3 Nd7 23. f4 f6 0-1

[Event "AUTO-ADV-1367"]
[Site "http://www.queenalice.com/game.php?id=605497"]
[Date "2009.6.18"]
[Round "1"]
[White "fugazeton2"]
[Black "prmntgen"]
[Result "0-1"]
[WhiteElo "1589"]
[BlackElo "1849"]

1. d4 d5 2. c4 dxc4 3. e4 e6 4. Bxc4 Nf6 5. e5 Nfd7 6. Nf3 Nb6 7. Be2 Nd5 8. O-O
Nc6 9. Nc3 Nxc3 10. bxc3 Be7 11. Be3 b6 12. c4 O-O 13. d5 exd5 14. cxd5 Nb4 15.
Bc4 Ba6 16. Bxa6 Nxa6 17. Qd3 Nb4 18. Qd4 Nc2 19. Qd2 Nxa1 20. Rxa1 Re8 21. Bf4
Bc5 22. Rd1 a5 23. h3 Bb4 24. Qd4 Rc8 25. Qc4 Qd7 26. Qb3 Qf5 27. Bg3 h6 28. a3
Bc5 29. d6 cxd6 30. exd6 Red8 31. Rf1 Rb8 32. Nh4 Qf6 33. d7 Rxd7 34. Bxb8 Qxh4
35. Bg3 Qf6 36. Qf3 Qxf3 37. gxf3 Bxa3 38. Ra1 Bd6 39. Rb1 Bxg3 40. fxg3 Rb7 41.
Kf2 b5 42. Ke3 b4 43. Kd4 a4 44. Kc4 b3 45. Kc3 Kf8 46. Rb2 Ke7 0-1

[Event "AUTO-ADV-1367"]
[Site "http://www.queenalice.com/game.php?id=605498"]
[Date "2009.6.18"]
[Round "1"]
[White "prmntgen"]
[Black "fugazeton2"]
[Result "1-0"]
[WhiteElo "1843"]
[BlackElo "1595"]

1. d4 d5 2. c4 e6 3. e3 Nf6 4. Nc3 Be7 5. Nf3 O-O 6. Be2 b6 7. cxd5 Nxd5 8. Nxd5
Qxd5 9. Qc2 Bb7 10. Bd2 Qc6 11. Rc1 f5 12. Qxc6 Bxc6 13. Ne5 Bd5 14. Bf3 Bxf3
15. Nxf3 c5 16. dxc5 Bxc5 17. O-O Nd7 18. Ng5 Rae8 19. b4 Be7 20. Nxe6 Rf6 21.
Nf4 Ne5 22. Nd5 Rd6 23. Nxe7+ Rxe7 24. Rfd1 Red7 25. Rc2 b5 26. Kf1 Nc4 27. Ke2
Nxd2 28. Rcxd2 Rxd2+ 29. Rxd2 Rxd2+ 30. Kxd2 Kf7 31. Kd3 Ke6 32. Kd4 Kd6 33. g3
g6 34. f3 h6 35. e4 fxe4 36. fxe4 h5 37. h3 a6 38. a3 g5 39. e5+ Ke6 40. g4 hxg4
41. hxg4 Kd7 42. Kd5 Ke7 43. e6 1-0

[Event "AUTO-ADV-1367"]
[Site "http://www.queenalice.com/game.php?id=605499"]
[Date "2009.6.18"]
[Round "1"]
[White "fugazeton2"]
[Black "FabianoSales"]
[Result "0-1"]
[WhiteElo "1338"]
[BlackElo "1741"]

1. c4 e5 2. e4 Nf6 3. d3 Bb4+ 4. Bd2 Bc5 5. h3 h6 6. Be2 O-O 7. Nf3 d6 8. O-O
Nc6 9. Be3 Bxe3 10. fxe3 Nh5 11. Nxe5 Ng3 12. Nxc6 bxc6 13. Rf2 Qg5 14. Rf3 h5
15. Qe1 h4 16. Nc3 Be6 17. Qf2 d5 18. exd5 cxd5 19. cxd5 Bd7 20. Ne4 Nxe4 21.
dxe4 Rab8 22. b3 Rb4 23. Rf4 Bxh3 24. Kh2 Bd7 25. Qxh4 Qg6 26. Raf1 Qh6 27. Qxh6
gxh6 28. R1f3 Rb6 29. Rh4 Rg6 30. Bd3 Bg4 31. Rf4 h5 32. e5 Rh6 33. Kg3 Rd8 0-1

[Event "AUTO-ADV-1367"]
[Site "http://www.queenalice.com/game.php?id=605500"]
[Date "2009.6.18"]
[Round "1"]
[White "FabianoSales"]
[Black "fugazeton2"]
[Result "1-0"]
[WhiteElo "1743"]
[BlackElo "1336"]

1. d4 d5 2. c4 e6 3. a3 Nf6 4. Bg5 Be7 5. Nf3 h6 6. Bh4 O-O 7. e3 Nh7 8. Bg3 Nc6
9. Nc3 f5 10. cxd5 exd5 11. Be2 Be6 12. O-O Ng5 13. Ne5 Nxe5 14. Bxe5 Bd6 15. f4
Ne4 16. Bh5 Bf7 17. Bxf7+ Rxf7 18. Nxd5 c6 19. Nc3 Nxc3 20. bxc3 Bxe5 21. fxe5
Qe7 22. Qh5 Qg5 23. Qh3 Re8 24. Ra2 Ref8 25. Raf2 f4 26. e6 Re7 27. Rxf4 Rxf4
28. exf4 Qa5 29. c4 b5 30. cxb5 Qxb5 31. Rc1 Qe2 32. Qc3 Rxe6 33. h3 Qe4 34. g3
a5 35. Kf2 1-0